Responses for show #5336 - Monday, November 19, 2007

Contestants

[<< previous game]

Rachel Barg, a charter school teacher from Los Angeles, California

Julián Altschul, a math and science tutor from Jackson Heights, New York

Kyle Brittain, a student from Durango, Colorado (whose 1-day cash winnings total $14,100)

[next game >>]

Jeopardy! Round responses

WORLD TRAVEL
THANKS FOR THE MEMORABILIA
COMMON BONDS
NOW APPEARING IN A BIBLICAL BOOK NEAR YOU
PAULA'S HOME COOKING
"MARI" ME
    $200 11
Jamaica

Kyle
    $200 21
Babe Ruth

Julián
    $200 1
school

Rachel
    $200 16
Exodus

Julián
    $200 26
peanut butter

Rachel
    $200 6
mariachi

Rachel
    $400 12
(Kyle: What is a cathedral?)
(Julián: What is a hotel?)

a church

KyleJulián
Triple Stumper
    $400 22
Marilyn Monroe

Kyle
    $400 2
cheese

Julián
    $400 17
Genesis

Kyle
    $400 27
garlic

Julián
    $400 7
Dan Marino

Rachel
    $600 13
the Matterhorn

Julián
    $600 23
The Maltese Falcon

Rachel
    $600 3
glass

Julián
    $1,000 18
(Kyle: What is Ezekiel?)

Daniel

Kyle
    $600 28
collard greens

Rachel
    $600 8
marigolds

Rachel
    $800 14
English

Julián
    $800 24
(Rachel: Who is Francis Ford Coppola?)
(Kyle: Who is Mario Puzo?)

Marlon Brando

KyleRachel
Triple Stumper
    $800 4
(Julián: Uhh... What are wheel?)

things with legs

Julián
Triple Stumper
    $800 19
(Julián: What is Revelations?)

Revelation

KyleJulián
    $800 29
ambrosia

Julián
    $800 9
a mariposa

Julián
    $1000 15
Baroque

Julián
    $1000 25
lightsabers

Julián
    $1000 5
(Rachel: Uh, what are strains?)

constellations

KyleRachel
    $1000 20
Acts (of the Apostles) (or 1 Timothy)

Kyle
    $1000 30
New Year's

Julián
    $1000 10
maritime

Julián

Scores at the first commercial break (after clue 15):

Kyle Julián Rachel
$800 $4,000 $400

Scores at the end of the Jeopardy! Round:

Kyle Julián Rachel
$1,600 $6,800 $1,000

Double Jeopardy! Round responses

LATIN AMERICAN HISTORY
LERNER & LOEWE
WOLF GANG
ALSO A FISH
POETS
"R" WORLD
    $400 7
Rio (de Janeiro)

Julián
    $400 16
Eliza Doolittle

Julián
    $400 21
a fox

Triple Stumper
    $400 26
perch

Julián
    $400 6
(Julián: Who is Frost?)

Walt Whitman

Julián
Triple Stumper
    $400 1
a rogue

Kyle
    $2,400 8
(Julián: Who are the Aztecs?)

the Mayans

Julián
    $800 17
Camelot

Julián
    $800 22
St. Francis of Assisi

Julián
    $800 27
pike

Triple Stumper
    $800 12
Wordsworth

Julián
    $800 2
a raincoat

Rachel
    $1200 9
Pizarro

Rachel
    $1200 18
(Julián: What is Ah, Yes, [*]?)

"I Remember It Well"

Julián
    $1200 23
Mowgli

Kyle
    $1200 28
(Rachel: Uh, what is... thrash?)

flounder

KyleRachel
    $1200 13
T.S. Eliot

Kyle
    $1200 3
Rosebud

Julián
    $1600 10
"Papa Doc" (Duvalier)

Kyle
    $2,400 19
Brigadoon

Julián
    $1600 24
White Fang

Rachel
    $1600 29
smelt

Julián
    $1600 14
Edwin Arlington Robinson

Triple Stumper
    $1600 4
the right side of the brain

Julián
    $2000 11
El Salvador

Triple Stumper
    $2000 20
The Little Prince

Julián
    $2000 25
Ayla

Rachel
    $2000 30
char

Triple Stumper
    $2000 15
Auden

Julián
    $2000 5
a rhizome

Kyle

Scores at the end of the Double Jeopardy! Round:

Kyle Julián Rachel
$9,200 $19,600 $5,400
(lock game)

[wagering suggestions for these scores]

Final Jeopardy! Round responses

PHRASE ORIGINS
(Alex: It's a phrase which has come to mean guilt.)
...
(Kyle: It was gonna be "dramatic pause"...)
RachelWhat is Six Shooter
$4,000
KyleWhat is dramati
$9,199
JuliánWhat is half-cocked?
$400
smoking gun

Final scores:

Kyle Julián Rachel
$1 $19,200 $1,400
3rd place: $1,000 New champion: $19,200 2nd place: $2,000

Game dynamics:

Coryat scores:

Kyle Julián Rachel
$10,200 $21,200 $5,400
12 R,
3 W
(including 1 DD)
26 R
(including 1 DD),
5 W
(including 1 DD)
11 R,
3 W

Combined Coryat: $36,800

The J! Archive is created by fans, for fans. The Jeopardy! game show and all elements thereof, including but not limited to copyright and trademark thereto, are the property of Jeopardy Productions, Inc. and are protected under law. This website is not affiliated with, sponsored by, or operated by Jeopardy Productions, Inc. Join the discussion at JBoard.tv.